Catálogo
 En Linea

Fundaciones : (Registro nro. 12393)

Detalles MARC
000 -CABECERA
campo de control de longitud fija 00762cam a2200229 a 4500
001 - NÚMERO DE CONTROL
campo de control 000012742
005 - FECHA Y HORA DE LA ÚLTIMA TRANSACCIÓN
campo de control 20200929163050.0
008 - DATOS DE LONGITUD FIJA--INFORMACIÓN GENERAL
campo de control de longitud fija 040728s2004 ag ak b 000 0 spa
020 ## - NÚMERO INTERNACIONAL ESTÁNDAR DEL LIBRO
Número Internacional Estándar del Libro 9508944323
035 ## - NÚMERO DE CONTROL DEL SISTEMA
Número de control de sistema (AgBaFGC)1243430000
040 ## - FUENTE DE LA CATALOGACIÓN
Centro catalogador/agencia de origen DO-SdBNP
Centro/agencia transcriptor DLC
Centro/agencia modificador BNPHU
082 ## - NÚMERO DE LA CLASIFICACIÓN DECIMAL DEWEY
Número de clasificación 346.064
Número de documento/Ítem G537f, 2004
049 ## - FONDOS LOCALES (OCLC)
Fondos de biblioteca BNGR
100 1# - ENTRADA PRINCIPAL--NOMBRE DE PERSONA
Nombre de persona Giuntoli, María Cristina.
9 (RLIN) 29515
245 10 - MENCIÓN DE TÍTULO
Título Fundaciones :
Resto del título aspectos jurídicos, contables e impositivos /
Mención de responsabilidad, etc. María Cristina Giuntoli.
250 ## - MENCIÓN DE EDICIÓN
Mención de edición 2a ed., act, y amp.
260 ## - PUBLICACIÓN, DISTRIBUCIÓN, ETC.
Lugar de publicación, distribución, etc. Buenos Aires, (Argentina) :
Nombre del editor, distribuidor, etc. AD-HOC,
Fecha de publicación, distribución, etc. 2004.
300 ## - DESCRIPCIÓN FÍSICA
Extensión 352 p. :
Otras características físicas il., ;
Dimensiones 23 cm.
650 #4 - PUNTO DE ACCESO ADICIONAL DE MATERIA--TÉRMINO DE MATERIA
Término de materia o nombre geográfico como elemento de entrada Derecho civil
Subdivisión geográfica Argentina
9 (RLIN) 29516
650 #4 - PUNTO DE ACCESO ADICIONAL DE MATERIA--TÉRMINO DE MATERIA
Término de materia o nombre geográfico como elemento de entrada Fundaciones
Subdivisión geográfica Argentina.
9 (RLIN) 29517
910 ## - DATOS DE OPCIÓN DEL USUARIO (OCLC)
Datos de opción del usuario Catalogación por copia / LC
999 ## - NÚMEROS DE CONTROL DE SISTEMA (KOHA)
-- 0000167
Existencias
Estado de retiro Estado de pérdida Restricciones de uso No para préstamo Código de colección Localización permanente Ubicación/localización actual Ubicación en estantería Fecha de adquisición Número de inventario Total de préstamos Signatura topográfica completa Código de barras Fecha visto por última vez Precio válido a partir de Tipo de ítem Koha
    Préstamo interno   Monografías: Libros y Folletos General General En catalogación 16.11.2009 LF1   346.064 G537f, 2004 12742-10 25.06.2020 25.06.2020 Préstamo interno

Con tecnología Koha